|
|
|
|
| LEADER |
01609nam a2200373 a 4500 |
| 001 |
EBC1605696 |
| 003 |
MiAaPQ |
| 005 |
20200520144314.0 |
| 006 |
m o d | |
| 007 |
cr cn||||||||| |
| 008 |
090807s2007 dcu s 000 0 eng d |
| 035 |
|
|
|a (MiAaPQ)EBC1605696
|
| 035 |
|
|
|a (Au-PeEL)EBL1605696
|
| 035 |
|
|
|a (CaPaEBR)ebr10302914
|
| 035 |
|
|
|a (OCoLC)870244604
|
| 040 |
|
|
|a MiAaPQ
|c MiAaPQ
|d MiAaPQ
|
| 043 |
|
|
|a nwtr---
|
| 050 |
|
4 |
|a HC157.3
|b .C37 2007
|
| 100 |
1 |
|
|a Carvalho Filho, Irineu E.
|q (Irineu Evangelista),
|d 1971-
|
| 245 |
1 |
0 |
|a Trinidad and Tobago
|h [electronic resource] :
|b statistical appendix /
|c prepared by a staff team consisting of Irineu de Carvalho Filho, Christopher Faircloth and Zsofia Arvai.
|
| 260 |
|
|
|a Washington, D.C. :
|b International Monetary Fund,
|c 2007.
|
| 300 |
|
|
|a 33 p.
|
| 490 |
1 |
|
|a IMF country report ;
|v no. 07/9
|
| 500 |
|
|
|a "January 2007."
|
| 500 |
|
|
|a Prepared by a staff team of the International Monetary Fund as background documentation for the periodic consultation with this member country.
|
| 533 |
|
|
|a Electronic reproduction. Ann Arbor, MI : ProQuest, 2015. Available via World Wide Web. Access may be limited to ProQuest affiliated libraries.
|
| 651 |
|
0 |
|a Trinidad and Tobago
|x Economic conditions
|v Statistics.
|
| 655 |
|
4 |
|a Electronic books.
|
| 700 |
1 |
|
|a Faircloth, Christopher.
|
| 700 |
1 |
|
|a Arvai, Zsofia.
|
| 710 |
2 |
|
|a International Monetary Fund.
|
| 710 |
2 |
|
|a ProQuest (Firm)
|
| 830 |
|
0 |
|a IMF country report ;
|v no. 07/9.
|
| 856 |
4 |
0 |
|u https://ebookcentral.proquest.com/lib/matrademy/detail.action?docID=1605696
|z Click to View
|